World Guide to Higher Education (Record no. 15187)
[ view plain ]
| 000 -LEADER | |
|---|---|
| fixed length control field | 00392nam a22001457a 4500 |
| 020 ## - INTERNATIONAL STANDARD BOOK NUMBER | |
| ISBN | 0859350436 (Hardcover) |
| 022 ## - INTERNATIONAL STANDARD SERIAL NUMBER | |
| ISSN | 0890590028 (Hardcover) |
| 082 ## - DEWEY DECIMAL CLASSIFICATION NUMBER | |
| Classification number | 378UNE. |
| 100 ## - MAIN ENTRY--AUTHOR NAME | |
| Personal name | UNESCO |
| 245 ## - TITLE STATEMENT | |
| Title | World Guide to Higher Education |
| 260 ## - PUBLICATION, DISTRIBUTION, ETC. (IMPRINT) | |
| Place of publication | New York |
| Name of publisher | Bowker |
| Year of publication | 1976. |
| 300 ## - PHYSICAL DESCRIPTION | |
| Number of Pages | XXII,302p. |
| 650 ## - SUBJECT ADDED ENTRY--TOPICAL TERM | |
| Topical Term | Education, Higher |
| -- | Comparative education |
| -- | Degrees, Academic |
| 942 ## - ADDED ENTRY ELEMENTS (KOHA) | |
| Koha item type | Books |
| Withdrawn status | Lost status | Collection code | Home library | Current library | Date acquired | Full call number | Accession Number | Koha item type |
|---|---|---|---|---|---|---|---|---|
| Reference | Reference Section | Reference Section | 18/01/2016 | 378.UNE (Shelf - 23E) | 4785 | Books |